A study of History / (Record no. 522659)

000 -LEADER
fixed length control field 00368nam a22001577a 4500
003 - CONTROL NUMBER IDENTIFIER
control field NUST
038 ## - RECORD CONTENT LICENSOR
Staff Name waseem
082 ## - DEWEY DECIMAL CLASSIFICATION NUMBER
Classification number 909
Author Mark TOY
100 ## - MAIN ENTRY--PERSONAL NAME
Personal name Toynbee, Arnold
9 (RLIN) 12765
245 ## - TITLE STATEMENT
Title A study of History /
Statement of responsibility, etc. Arnold J. Toynbee
250 ## - EDITION STATEMENT
Edition statement Volume I
260 ## - PUBLICATION, DISTRIBUTION, ETC.
Place of publication, distribution, etc. U.S.A :
Name of publisher, distributor, etc. Dell Publishing,
Date of publication, distribution, etc. 1981.
300 ## - PHYSICAL DESCRIPTION
Extent 701 p. ;
500 ## - GENERAL NOTE
General note Paperback.
942 ## - ADDED ENTRY ELEMENTS (KOHA)
Source of classification or shelving scheme
Koha item type Book
Holdings
Withdrawn status Lost status Source of classification or shelving scheme Damaged status Not for loan Collection code Permanent Location Current Location Shelving location Date acquired Source of acquisition Total Checkouts Total Renewals Full call number Barcode Date last seen Date last checked out Price effective from Koha item type
            Central Library (CL) Central Library (CL) Book Cart 12/22/2018 Donation 1 2 909 TOY CL-D-203 09/23/2025 04/07/2025 12/22/2018 Book
© 2023 Central Library, National University of Sciences and Technology. All Rights Reserved.